Hand Book Pesticide Residue and Heavy Metals Analysis Techniques/ (Record no. 206900)
[ view plain ]
| 000 -LEADER | |
|---|---|
| fixed length control field | 00642nam a22001817a 4500 |
| 005 - DATE AND TIME OF LATEST TRANSACTION | |
| control field | 20241106112254.0 |
| 010 ## - LCCN (DPL NO) | |
| LC control number | ENG-142579 |
| 020 ## - INTERNATIONAL STANDARD BOOK NUMBER | |
| Terms of availability | 1795.00 |
| International Standard Book Number | 9789381839775 |
| 035 ## - SYSTEM CONTROL NUMBER | |
| System control number | EN-126111 |
| 037 ## - SOURCE OF ACQUISITION | |
| Source of stock number/acquisition | DBAD |
| 082 ## - DEWEY DECIMAL CLASSIFICATION NUMBER | |
| Classification number | 363.1292 |
| Edition number | First |
| 100 ## - MAIN ENTRY--PERSONAL NAME | |
| Personal name | Jani, Dr. Hitendra |
| 245 ## - TITLE STATEMENT | |
| Title | Hand Book Pesticide Residue and Heavy Metals Analysis Techniques/ |
| Statement of responsibility, etc | By Dr. Hitendra Jani |
| 260 ## - PUBLICATION, DISTRIBUTION, ETC. (IMPRINT) | |
| Place of publication, distribution, etc | New Delhi |
| Name of publisher, distributor, etc | Avon Publications |
| Date of publication, distribution, etc | 2016 |
| 270 ## - ADDRESS | |
| City | New Delhi |
| Address | 5A-12, Ground Floor, Ansari Road Daryaganj, |
| Postal code | 110002 |
| Telephone number | 011-23265366 |
| Electronic mail address | avonpublications@gmail.com |
| 300 ## - PHYSICAL DESCRIPTION | |
| Extent | 192p. |
| Dimensions | 24cm(Hb) |
| 942 ## - ADDED ENTRY ELEMENTS (KOHA) | |
| Source of classification or shelving scheme | Dewey Decimal Classification |
| Item type | English Books |
| Classification part | 363.1292 |
| Call number suffix | JAN |
| Withdrawn status | Lost status | Not for loan | Collection code | Home library | Current library | Date acquired | Source of acquisition | Cost, normal purchase price | Full call number | Barcode | Copy number | Cost, replacement price | Koha item type |
|---|---|---|---|---|---|---|---|---|---|---|---|---|---|
| Non-fiction | Bawana | Bawana | 06/11/2024 | DBAD | 1795.00 | 363.1292 JAN | EN-126111 | 1 | 1795.00 | English Books |
